Bounded arithmetic, propositional logic and complexity theory
Saved in:
| Main Author: | |
|---|---|
| Format: | Book |
| Language: | English |
| Published: |
Cambridge :
Cambridge University Press,
1996
|
| Series: | Encyclopedia of mathematics and its applications ;
; 60 |
| Subjects: | |
| Tags: |
Add Tag
No Tags, Be the first to tag this record!
|
MARC
| LEADER | 00000nam a2200000 i 4500 | ||
|---|---|---|---|
| 001 | 1/74801 | ||
| 008 | 990512s1995 eng d | ||
| 020 | |a 0-521-45205-8 | ||
| 035 | |l 10049171 | ||
| 040 | |a GR-MY-UA |b gre |e aacr | ||
| 041 | 0 | |a eng | |
| 082 | 0 | |a 511.3 | |
| 100 | 1 | |a Krajicek, Jan. | |
| 245 | 1 | 0 | |a Bounded arithmetic, propositional logic and complexity theory / |c Jan Krajicek |
| 260 | |a Cambridge : |b Cambridge University Press, |c 1996 | ||
| 300 | |a xiv, 343 p.; |b ill.; |c 25 cm. | ||
| 490 | 1 | |a Encyclopedia of mathematics and its applications |v ; 60 | |
| 500 | |a Includes bibliographical references and index | ||
| 650 | 0 | 0 | |a Constructive mathematics. |
| 650 | 0 | 0 | |a Proposition (Logic) |
| 650 | 0 | 0 | |a Computational complexity. |
| 830 | 0 | |a Encyclopedia of mathematics and its applications ; |v ; 60 | |
| 852 | |a INST |b SAMOS |e 19990512 |h 511.3 KRA |p 005300012981 |q 005300012981 |t BK |y 0 | ||
| 901 | |a BIBL3-1999-2 | ||
| 909 | |a Σ |b 063791 | ||
| 922 | |a 3ΕΛΗ |b 199901 |c ΚΠΣ |d GLORY | ||